000 00387nam a2200157Ia 4500
008 200103s9999||||xx |||||||||||||| ||und||
020 _a9780713667349,
040 _aIMU-MPC
082 _aColumn-4
100 _aStokoe, E. A. 
245 0 _aReed's naval architecture for marine engineers
250 _aVol. 4
260 _bAdlard Coles Nautical
_c2007
300 _a392
942 _cBK
999 _c3267
_d3267